Na prerii

Bibliographic Details
Main Author: Alibert-Kouraguine, Daniel (Author)
Other Authors: Barber, John (Illustrator)
Format: Book
Language:Polish
PhysicalDescription:50 s. 29 cm
Published: Wrocław Wydawnictwo Dołnośląskie c1993
ISBN:8370231652
Series:Tajemnice zwierząt
Subjects:

MARC

LEADER 00000nam a2200000 a 4500
001 vtls001289069
003 SK-MaSNL
005 20260301064909.0
008 251113s1993 PL a pol
020 |a 8370231652  |c b.c. 
035 |a SNK000240684 
035 |a urn:nbn:sk:snk-amlr62 
035 |a urn:nbn:sk:snk-am00cc16 
035 |a BC4E8B2F-79DA-4C97-85BF-D46FB326AE77 
040 |a SNK  |b slo  |c SNK  |e AACR2 
041 0 |a pol 
044 |a PL 
080 |a 591.9(252.5)(084.12)  |2 1981 
100 1 |a Alibert-Kouraguine, Daniel  |4 aut  |9 382850 
245 1 |a Na prerii  |c tekst Daniel Alibert-Kouraguine ; ilustracje John Barber ; przekład Maria Czarnecka-Szostek 
260 |a Wrocław  |b Wydawnictwo Dołnośląskie  |c c1993  |e Martin  |f Neografia 
300 |a 50 s.  |c 29 cm 
490 1 |a Tajemnice zwierząt 
650 0 7 |a zvieratá  |x prérie  |x knihy detské ilustrované  |2 SNK  |9 382851 
700 1 |a Barber, John  |4 ill  |9 382852 
830 0 |a Tajemnice zwierząt  |9 282800 
919 |a 83-7023-165-2 
999 |c 628644  |d 630574 
952 |t P60, <03>, [BOOK], {603}  |a SNK  |b SNK  |y PREZ  |7 0  |p 17A0069524  |o snkSB 57033  |i snkKSP 5691/97  |0 0  |1 0  |4 0  |d 1997-06-06  |f 1  |l 0  |r 2025-04-09 00:00:00  |w 2026-02-23